000 00543nam a2200217 a 4500
999 _c9189
_d9189
001 9189
003 BD-JhCC
005 20180527133756.0
008 180310b1961 e |||| ||a| 000 0 eng d
035 _a(BD-JhCC) 9189
040 _aBD-JhCC
_dBD-JhCC
041 _aeng
082 _a320
_bLAS1961
100 _aLaski, Harold
245 _aAn introduction to politics /
_cHarold Laski
260 _aLondon :
_bLondon. Unwin Books ,
_c1961
300 _a91 p .:
_c18 cm .
650 _aPolitical Science
942 _2ddc
_cBK